000 01014cab a2200313 4500
001 ABS46216
008 090401t1992 xxu||||| |||| 00| 0 eng d
035 _a(Sirsi) u57192
041 _aeng
245 _aOxfordshire
260 _c1992
350 _a0
490 _aEstates Times
_v(1139) 16 April 1992, 7-15(9)
520 _aLooks at the markets in Oxford, Abingdon, Didcot, Banbury and Bicester, concentrating on Oxford`s depressed office market, the need for improvement in the city`s transport system and pressure on development in the county.
650 _aABINGDON
650 _aBANBURY
650 _aBICESTER
650 _aCHERWELL
650 _aDIDCOT
650 _aINDUSTRIAL MARKET
650 _aMILTON PARK
650 _aPROPERTY-COMMERCIAL PROPERTY-OFFICE PROPERTY-OFFICE PROPERTY MARKET
650 _aOXFORD
650 _aOXFORDSHIRE
650 _aPROPERTY MARKET
690 _aPROPERTY-COMMERCIAL PROPERTY-COMMERCIAL PROPERTY MARKET
942 _n0
948 _c04/03/1997
999 _c34850
_d34850